[Event "88th ch-ARG Superior 2013"]
[Site "Resistance/Saenz Pena ARG"]
[Date "2013.09.07"]
[Round "13.2"]
[White "Krysa, Leandro"]
[Black "Flores, Diego"]
[Result "1/2-1/2"]
[WhiteTitle "IM"]
[BlackTitle "GM"]
[WhiteElo "2422"]
[BlackElo "2578"]
[WhiteFideId "116807"]
[BlackFideId "108049"]
[EventDate "2013.08.25"]

1. d4 Nf6 2. c4 e6 3. Nc3 Bb4 4. Qc2 c5 5. dxc5 O-O 6. a3 Bxc5 7. Nf3 Nc6 8. Bg5
Nd4 9. Nxd4 Bxd4 10. e3 Qa5 11. exd4 Qxg5 12. Qd2 Qxd2+ 13. Kxd2 b6 14. Bd3 Bb7
15. f3 Rfc8 16. b4 Kf8 17. Rhc1 Ke7 18. a4 a5 19. Rab1 axb4 20. Rxb4 Ba6 21. g4
d5 22. g5 Nh5 23. Ke3 Bxc4 24. Bxc4 Rxc4 25. Rxc4 dxc4 26. Rb1 Ra6 27. Rb4 f6
28. f4 fxg5 29. fxg5 h6 30. gxh6 gxh6 31. d5 Nf6 32. dxe6 Kxe6 33. Rxc4 1/2-1/2

[Event "88th ch-ARG Superior 2013"]
[Site "Resistance/Saenz Pena ARG"]
[Date "2013.09.07"]
[Round "13.3"]
[White "Tristan, Leonardo"]
[Black "Slipak, Sergio"]
[Result "1-0"]
[WhiteTitle "IM"]
[BlackTitle "GM"]
[WhiteElo "2457"]
[BlackElo "2444"]
[WhiteFideId "113816"]
[BlackFideId "100250"]
[EventDate "2013.08.25"]

1. d4 d5 2. Bg5 c6 3. Nf3 h6 4. Bh4 Qb6 5. b3 Nd7 6. e3 e5 7. Be2 e4 8. Nfd2 Ne7
9. Bg4 Ng6 10. Bg3 Nf6 11. Bxc8 Rxc8 12. O-O Qd8 13. c4 Bd6 14. Bxd6 Qxd6 15.
Nc3 O-O 16. Qe2 a6 17. c5 Qe6 18. b4 Nh7 19. Kh1 f5 20. g3 Nf6 21. a4 Rce8 22.
b5 f4 23. gxf4 Qh3 24. Rg1 Nxf4 25. exf4 Qxc3 26. Qe3 Qxe3 27. fxe3 axb5 28.
axb5 Ra8 29. b6 Rxa1 30. Rxa1 Ng4 31. Nf1 g5 32. fxg5 hxg5 33. Kg1 Kg7 34. Ra2
Kg6 35. h3 Nf6 36. Nh2 g4 37. Rg2 Ra8 38. Nxg4 Nh5 39. Ne5+ Kf6 40. Rg6+ Kf5 41.
h4 Nf6 42. Rg7 Ra1+ 43. Kf2 Ra2+ 44. Ke1 Rb2 45. Kd1 Rb3 46. Rxb7 Rxe3 1-0

[Event "88th ch-ARG Superior 2013"]
[Site "Resistance/Saenz Pena ARG"]
[Date "2013.09.07"]
[Round "13.4"]
[White "Valerga, Diego"]
[Black "Lorenzini, Martin"]
[Result "1-0"]
[WhiteTitle "GM"]
[WhiteElo "2490"]
[BlackElo "2487"]
[WhiteFideId "100587"]
[BlackFideId "105570"]
[EventDate "2013.08.25"]

1. d4 d5 2. c4 c6 3. Nf3 Nf6 4. Nc3 e6 5. Bg5 Nbd7 6. e3 Qa5 7. cxd5 Nxd5 8. Rc1
Bb4 9. a3 Bxc3+ 10. bxc3 h6 11. Bh4 Qxa3 12. Qd2 e5 13. Bd3 exd4 14. exd4 O-O
15. O-O b5 16. c4 bxc4 17. Bxc4 N7b6 18. Bd3 Ba6 19. Bxa6 Qxa6 20. Rxc6 Qb7 21.
Rc5 a5 22. Ra1 a4 23. Qc1 Qa6 24. Ra3 Rfe8 25. h3 Re2 26. Ne5 Re4 27. Ng4 Nf4
28. Kh2 Ng6 29. Rh5 Rc8 30. Nxh6+ Kf8 31. Qg5 Nd7 32. Nf5 Qf6 33. Qg3 Qe6 34.
Rh8+ Nxh8 35. Qxg7+ Ke8 36. Qxh8+ 1-0

[Event "88th ch-ARG Superior 2013"]
[Site "Resistance/Saenz Pena ARG"]
[Date "2013.09.07"]
[Round "13.5"]
[White "Liascovich, Lucas"]
[Black "Iermito, Sebastian"]
[Result "1/2-1/2"]
[WhiteTitle "IM"]
[BlackTitle "IM"]
[WhiteElo "2447"]
[BlackElo "2473"]
[WhiteFideId "108634"]
[BlackFideId "114286"]
[EventDate "2013.08.25"]

1. d4 Nf6 2. Nf3 g6 3. Bf4 Bg7 4. e3 d6 5. Be2 O-O 6. h3 c5 7. c3 Qb6 8. Qb3 Be6
9. Qxb6 axb6 10. a3 Nc6 11. Nbd2 Na5 12. O-O Nb3 13. Nxb3 Bxb3 14. Nd2 Bd5 15.
Rfe1 Rfe8 1/2-1/2

[Event "88th ch-ARG Superior 2013"]
[Site "Resistance/Saenz Pena ARG"]
[Date "2013.09.07"]
[Round "13.6"]
[White "Paveto, Kevin"]
[Black "Pierrot, Facundo"]
[Result "1/2-1/2"]
[WhiteTitle "FM"]
[BlackTitle "IM"]
[WhiteElo "2343"]
[BlackElo "2419"]
[WhiteFideId "173444"]
[BlackFideId "103250"]
[EventDate "2013.08.25"]

1. e4 e5 2. Nf3 Nf6 3. Nxe5 d6 4. Nf3 Nxe4 5. d4 d5 6. Bd3 Be7 7. O-O Nc6 8. c4
Nb4 9. Be2 O-O 10. a3 Nc6 11. cxd5 Qxd5 12. Nc3 Nxc3 13. bxc3 Bf5 14. c4 Qd6 15.
d5 Ne5 16. Nd4 Bd7 17. a4 Rfe8 18. Ba3 Qg6 19. Bxe7 Bh3 20. Bf3 Rxe7 21. Kh1 Bg4
22. Bxg4 Nxg4 23. h3 Nf6 24. Qb3 b6 25. a5 Ne4 26. axb6 Qxb6 27. Qxb6 cxb6 28.
Nc6 Rc7 29. Rfb1 Rb7 30. f3 Nd6 31. Rb4 a5 32. Rba4 Re8 33. Nd4 g6 34. Rc1 Re3
35. c5 bxc5 36. Rxc5 Rd3 37. Rcxa5 Kg7 38. Ra6 Nb5 39. Nxb5 Rxb5 1/2-1/2